Language Quiz

Random Language Quiz

Y presennol Quiz Stats

 Plays Quiz not verified by Sporcle

Support Sporcle.
Go Orange.
Score 0/20 Timer 10:00
0 Plays Today
Hint Answer % Correct
i am rydw i'n
100%
you are *rwyt ti'n
100%
he is mae e'n
100%
she is mae hi'n
100%
you are **rydych chi'n
100%
we are rydyn ni'n
100%
they are maen nhw'n
100%
i am not dydw i ddim yn
50%
you aren't *dwyt ti ddim yn
50%
he isn'tdydy e ddim yn
50%
Hint Answer % Correct
she isn'tdydy hi ddim yn
50%
you aren't **dydych chi ddim yn
50%
we aren'tdydyn ni ddim yn
50%
cyflogaethemployment
50%
ysgolschool
50%
ofnadwy terrible
50%
yn fy marn i in my opinion
50%
fy enw ydymy name is
50%
rydw i'n un deg dau oed i am twelve years old
50%
they aren'tdydyn nhw yn
0%

You're not logged in!

Compare scores with friends on all Sporcle quizzes.
OR
Log In

From the Vault

The Simpsons Did It!

by tedthefed

We're pretty sure the Simpsons will be almost as long as All My Children.
Remove Ads.
Support Sporcle.
Get the best of Sporcle when you Go Orange. This ad-free experience offers more features, more stats, and more fun while also helping to support Sporcle. Thank you for becoming a member.

Show Comments

Extras

Created Feb 9, 2018ReportNominate

Top Quizzes Today


Score Distribution

Your Account Isn't Verified!

In order to create a playlist on Sporcle, you need to verify the email address you used during registration. Go to your Sporcle Settings to finish the process.

Report this User

Report this user for behavior that violates our Community Guidelines.

Details: